000 00752nam a2200193 a 4500
008 210326s2009 ||||||||||||||||| || u
020 _a9780073404721
050 _ahf 5415 Ker
100 _aRudelius, William
245 1 0 _aMarketing (9th edition)
_cby Roger A. Kerin; Steven W. Hartely; William Rudelius
250 _a9th edition
260 _aBoston Burr Ridge, IL
_bMcGraw-Hill/Irwin
_c2009
260 _aBoston Burr Ridge, IL
_bMcGraw-Hill
_c2009
300 _axlvii, 742 pages : illustrations
650 0 _aMARKETING
700 _aHartley, Steven W
700 _aKerin, Roger A
995 _D25.00
_FCBU-MAIN LIBRARY (Kitwe)
_M1
_UAVAILABLE
_WMar 26, 2021
_ZMain Library Open Access Collection
999 _c50407
_d50407